000 00313nam a22001337a 4500
008 170911b xxu||||| |||| 00| 0 eng d
020 _a9780721697758
041 _aeng
080 _24TH
_a53
100 _a43
101 _aFIZ
245 _aPHYSICAL EXAMINATION & HEALTH ASSESSMENT
_cJARVIS,C
942 _2udc
_cBK
999 _c27115
_d27115